书目信息 |
| 题名: |
Visual FoxPro程序设计与应用
|
|
| 作者: | 陈维默 , 王榕国 编著 | |
| 分册: | ||
| 出版信息: | 北京 北京理工大学出版社 2006 |
|
| 页数: | 286页 | |
| 开本: | 27cm | |
| 丛书名: | ||
| 单 册: | ||
| 中图分类: | TP311.138FO | |
| 科图分类: | ||
| 主题词: | 关系数据库--数据库管理系统--程序设计--高等学校--教材 , 关系数据库 , 数据库管理系统 , 程序设计 | |
| 电子资源: | ||
| ISBN: | 7-5640-0679-X | |
| 000 | 01010nam0 2200289 450 | |
| 001 | 012007238721 | |
| 005 | 20070515142819.48 | |
| 010 | @a7-5640-0679-X@dCNY26.00 | |
| 100 | @a20070427d2006 km y0chiy0120 ea | |
| 101 | 0 | @achi |
| 102 | @aCN@b110000 | |
| 105 | @ay z 000yy | |
| 106 | @ar | |
| 200 | 1 | @aVisual FoxPro程序设计与应用@AVisual FoxPro cheng xu she ji yu ying yong@f陈维默,王榕国编著@Fchen wei mo,wang rong guo bian zhu |
| 210 | @a北京@c北京理工大学出版社@d2006 | |
| 215 | @a286页@d27cm | |
| 300 | @a高等学校应用型系列规划教材 | |
| 330 | @a本书共分12章,主要内容包括数据库技术基础、数据库程序设计中的数据顾类型、函数与表达式,数据库与表的基本操作,结构化查询等。 | |
| 606 | 0 | @a关系数据库@x数据库管理系统@x程序设计@x高等学校@j教材 |
| 606 | 0 | @a关系数据库 |
| 606 | 0 | @a数据库管理系统 |
| 606 | 0 | @a程序设计 |
| 690 | @aTP311.138FO@v4 | |
| 701 | 0 | @a陈维默@Achen wei mo@4编著 |
| 701 | 0 | @a王榕国@Awang rong guo@4编著 |
| 801 | 0 | @aCN@bRULIN@c20070515 |
| 905 | @dTP311.138FO@e246@s8 | |
| Visual FoxPro程序设计与应用/陈维默,王榕国编著.-北京:北京理工大学出版社,2006 |
| 286页;27cm |
| 高等学校应用型系列规划教材 |
| ISBN 7-5640-0679-X:CNY26.00 |
| 本书共分12章,主要内容包括数据库技术基础、数据库程序设计中的数据顾类型、函数与表达式,数据库与表的基本操作,结构化查询等。 |
| ● |
| 相关链接 |
|
|
|
|
正题名:Visual FoxPro程序设计与应用
索取号:TP311.138FO/246
 
预约/预借
| 序号 | 登录号 | 条形码 | 馆藏地/架位号 | 状态 | 备注 |
| 1 | 0571006 | 205710060 | 第二样本阅览室/ [索取号:TP311.138FO/246] | 在馆 | |
| 2 | 0571007 | 205710079 | 第三借阅区/ [索取号:TP311.138FO/246] | 在馆 | |
| 3 | 0571008 | 205710088 | 第三借阅区/ [索取号:TP311.138FO/246] | 在馆 | |
| 4 | 0571009 | 205710097 | 第三借阅区/ [索取号:TP311.138FO/246] | 在馆 | |
| 5 | 0571010 | 205710104 | 第三借阅区/ [索取号:TP311.138FO/246] | 在馆 | |
| 6 | 0571011 | 205710113 | 第三借阅区/ [索取号:TP311.138FO/246] | 在馆 | |
| 7 | 0571012 | 205710122 | 第三借阅区/ [索取号:TP311.138FO/246] | 在馆 | |
| 8 | 0571013 | 205710131 | 第三借阅区/ [索取号:TP311.138FO/246] | 在馆 |